• 首页
  • 本馆介绍
  • 公告通知
  • 最新文献
  • 馆藏检索
  • 电子资源
  • 读者导购
  • 参考咨询
  • 我的图书馆
  • 登录
  • 详细信息显示
  • 放入我的书架
  • 预约/预借图书
  • 作者相关作品
  • 分类相关作品
  • 丛书相关作品
  • 出版社相关作品

书目信息

  • 表格格式
  • 工作单格式
  • 卡片格式
题名:
群众合唱精品曲库
    
 
作者: 里罂 编
分册:   创作歌曲卷
出版信息: 上海   上海音乐出版社  2001
页数: 358页
开本: 26cm
丛书名:
单 册:
中图分类: J642.53
科图分类:
主题词: 音乐--作品--中国 , 合唱--群众歌曲--中国
电子资源:
ISBN: 7-80553-868-9
000 00647nam0 2200217 45
001 0303110822
005 20031219104106.7
010    @a7-80553-868-9@dCNY30.00
100    @a20030311d2001 km y0chiy0120 ea
101 0  @achi
105    @a z 000yy
200 1  @a群众合唱精品曲库@i创作歌曲卷@AQun Zhong He Chang Jing Pin Qu Ku@f里罂编@FLi Ying Bian
210    @a上海@c上海音乐出版社@d2001
215    @a358页@d26cm
517    @a创作歌曲卷@AChuang Zuo Ge Qu Juan
606 0  @a音乐@x作品@x中国
606 0  @a合唱@x群众歌曲@y中国
690    @aJ642.53@v4
701  0 @a里罂@4编
801    @aCN@bTSTC@c20030311
905    @b320939-941@dJ642.53@e152:1@f3
    
    群众合唱精品曲库.创作歌曲卷/里罂编.-上海:上海音乐出版社,2001
    358页;26cm
    
    
    ISBN 7-80553-868-9:CNY30.00
    
●
相关链接 在E读中查询图书 在五车中查询图书 在当当中查询图书 在豆瓣中查询图书


正题名:群众合唱精品曲库     索取号:J642.53/152:1         预约/预借

序号 登录号 条形码 馆藏地/架位号 状态 备注
1 0320939   203209394   第一借阅区/ [索取号:J642.53/152:1] 在馆    
2 0320940   203209401   第一借阅区/ [索取号:J642.53/152:1] 在馆    
3 0320941   203209410   第一借阅区/ [索取号:J642.53/152:1] 在馆    
唐山师范学院图书馆 欢迎您!
大连网信软件有限公司© 版权所有